Normal view
MARC view
- المشكلات النفسية-الصحة النفسية-علم نفس الطفل
Entry Topical Term
001 - CONTROL NUMBER
- control field: 62868
003 - CONTROL NUMBER IDENTIFIER
- control field: JO-AjAnu
005 - DATE AND TIME OF LATEST TRANSACTION
- control field: 20230606084251.0
008 - FIXED-LENGTH DATA ELEMENTS
- fixed length control field: 230606|| aca||aabn | a|a d
040 ## - CATALOGING SOURCE
- Original cataloging agency: JO-AjAnu
- Transcribing agency: JO-AjAnu
150 ## - HEADING--TOPICAL TERM
- Topical term or geographic name entry element: المشكلات النفسية-الصحة النفسية-علم نفس الطفل
670 ## - SOURCE DATA FOUND
- Source citation: Work cat.: (JO-AjAnu)32056: عبد الحفيظ، ولاء راتب, author 62867, المشكلات النفسية والسلوكية وطرائق التعامل معها عند الاطفال